Outer magnetospheric boundaries (Record no. 16374)

MARC details
000 -LEADER
fixed length control field 00766nam a2200241Ia 4500
003 - CONTROL NUMBER IDENTIFIER
control field IN-BaIIA
008 - FIXED-LENGTH DATA ELEMENTS--GENERAL INFORMATION
fixed length control field 211028s9999 xx 000 0 eng d
020 ## - INTERNATIONAL STANDARD BOOK NUMBER
International Standard Book Number 1-4020-3488-1
040 ## - CATALOGING SOURCE
Transcribing agency IIA Library
080 ## - UNIVERSAL DECIMAL CLASSIFICATION NUMBER
Universal Decimal Classification number 523.4-854
Item number OUT
245 #0 - TITLE STATEMENT
Title Outer magnetospheric boundaries
Remainder of title cluster results
Statement of responsibility, etc. edited by G. Paschmann
260 ## - PUBLICATION, DISTRIBUTION, ETC.
Place of publication, distribution, etc. Dordrecht
Name of publisher, distributor, etc. Springer
Date of publication, distribution, etc. 2005
300 ## - PHYSICAL DESCRIPTION
Extent viii, 430p.
490 ## - SERIES STATEMENT
Series statement Space sciences series of ISSI; v. 20
650 ## - SUBJECT ADDED ENTRY--TOPICAL TERM
Topical term or geographic name entry element Magnetopause
9 (RLIN) 30340
650 ## - SUBJECT ADDED ENTRY--TOPICAL TERM
Topical term or geographic name entry element Magnetosphere
9 (RLIN) 3270
650 ## - SUBJECT ADDED ENTRY--TOPICAL TERM
Topical term or geographic name entry element Solar wind
9 (RLIN) 5747
700 ## - ADDED ENTRY--PERSONAL NAME
Personal name Escoubet, C. P., ed.
9 (RLIN) 30341
700 ## - ADDED ENTRY--PERSONAL NAME
Personal name Haaland, S., ed.
9 (RLIN) 30342
700 ## - ADDED ENTRY--PERSONAL NAME
Personal name Paschmann, G., ed.
9 (RLIN) 30343
700 ## - ADDED ENTRY--PERSONAL NAME
Personal name Schwartz, S. J., ed.
9 (RLIN) 30344
942 ## - ADDED ENTRY ELEMENTS (KOHA)
Koha item type Books
Holdings
Withdrawn status Lost status Damaged status Not for loan Home library Current library Shelving location Date acquired Total Checkouts Full call number Barcode Date last seen Price effective from Koha item type
        IIA Library-Bangalore IIA Library-Bangalore General Stacks 05/01/2007   523.4-854/ OUT 17296 05/11/2021 05/01/2007 Books

Powered by Koha